M. S. V. (o La Sangre y la ceniza) ; Crónicas romanas / (Record no. 113262)
[ view plain ]
| 000 -LEADER | |
|---|---|
| campo de control de longitud fija | 00848nam a2200265 i 4500 |
| 001 - NÚMERO DE CONTROL | |
| campo de control | 113262 |
| 003 - IDENTIFICADOR DE NÚMERO DE CONTROL | |
| campo de control | ES-MaACL |
| 005 - FECHA Y HORA DE LA ÚLTIMA TRANSACCIÓN | |
| campo de control | 20250717063030.0 |
| 007 - CAMPO FIJO DE DESCRIPCIÓN FÍSICA--INFORMACIÓN GENERAL | |
| campo de control de longitud fija | t| |
| 008 - DATOS DE LONGITUD FIJA--INFORMACIÓN GENERAL | |
| campo de control de longitud fija | 070221s1979 sp ||||1| spa d |
| 020 ## - NÚMERO INTERNACIONAL ESTÁNDAR DEL LIBRO | |
| Número Internacional Estándar del Libro | 84-376-0171-1 |
| 080 ## - NÚMERO DE LA CLASIFICACIÓN DECIMAL UNIVERSAL | |
| Número de la Clasificación Decimal Universal | 821.134.2-23"19" |
| 100 1# - ENTRADA PRINCIPAL--NOMBRE DE PERSONA | |
| Nombre de persona | Sastre, Alfonso, |
| Fechas asociadas al nombre | 1926- |
| 9 (RLIN) | 103915 |
| 245 10 - MENCIÓN DEL TÍTULO | |
| Título | M. S. V. (o La Sangre y la ceniza) ; Crónicas romanas / |
| Mención de responsabilidad, etc. | Alfonso Sastre ; edición de Magda Ruggeri Marhetti. |
| 260 ## - PUBLICACIÓN, DISTRIBUCIÓN, ETC. | |
| Lugar de publicación, distribución, etc. | Madrid : |
| Nombre del editor, distribuidor, etc. | Cátedra, |
| Fecha de publicación, distribución, etc. | [1979] |
| 300 ## - DESCRIPCIÓN FÍSICA | |
| Extensión | 420 p. ; |
| Dimensiones | 18 cm. |
| 490 1# - MENCIÓN DE SERIE | |
| Mención de serie | Letras hispánicas ; |
| Designación de volumen o secuencia | 88 |
| 500 ## - NOTA GENERAL | |
| Nota general | Biblioteca Jacinto Martínez Lacalle. |
| 700 1# - ENTRADA AGREGADA--NOMBRE PERSONAL | |
| Nombre de persona | Ruggeri Marchetti, Magda. |
| 9 (RLIN) | 100560 |
| 740 0# - ENTRADA AGREGADA--TÍTULO RELACIONADO/ANALÍTICO NO CONTROLADO | |
| Título relacionado o analítico no controlado | Crónicas romanas. |
| 830 00 - PUNTO DE ACCESO ADICIONAL DE SERIE-TÍTULO UNIFORME | |
| Título uniforme | Letras hispánicas ; |
| Designación de volumen o secuencia | 88 |
| 9 (RLIN) | 235703 |
| 852 ## - LOCALIZACIÓN | |
| Ubicación | ES-MaACL |
| Número de control de estantería | E-11621 |
| Sublocalización o colección | R.139645 |
| 942 ## - ELEMENTOS DE ENTRADA SECUNDARIOS (KOHA) | |
| Fuente del sistema de clasificación o colocación | Clasificación decimal universal |
| Estatus retirado | Estado de pérdida | Estado de daño | No para préstamo | Biblioteca de origen | Biblioteca actual | Ubicación en estantería | Fecha de adquisición | Fuente de adquisición | Total de préstamos | Signatura topográfica completa | Código de barras | Visto por última vez | Precio de reemplazo | Tipo de ítem Koha |
|---|---|---|---|---|---|---|---|---|---|---|---|---|---|---|
| Biblioteca del Ateneo de Madrid | Biblioteca del Ateneo de Madrid | Depósito 2 | 17/01/2008 | E-11621 | 1118136 | 23/02/2023 | 23/02/2023 | Libro impreso |
